000 00306nam a22001337a 4500
008 180226b xxu||||| |||| 00| 0 eng d
020 _a9780582663893
041 _aeng
080 _a37
100 _a25
101 _aEDU
245 _aCare and education of young children
_cNickell,P.S
942 _2udc
_cBK
999 _c43472
_d43472